000 00426nam a2200181Ia 4500
001 3666
005 20260306145700.0
008 260306t2017||||xx |||||||||||||| ||spa||
041 _aESP
082 _a301.072
_bB11
100 _aBabbie, Earl,
_eAUT
245 4 _aThe basics of social research
260 _c2017
300 _axxiii, 530 páginas :
_c25 cm.
650 _aGEN
654 _aCCC
942 _cLIB
_dJUS
_fJUS
_2ddc
_n
999 _c3666
_d3666